Religions of Thedas - A Dragon Age Quiz - Statistics

General Stats
  • This quiz has been taken 10 times
  • The average score is 36 of 58
Answer Stats
Hint Answer % Correct
Prophetess and Bride of the Maker Andraste
100%
God of Trickery and Deceit, called the "Dread Wolf" Fen'Harel
100%
Archon of Tevinter, showed mercy to the prophetess at her execution Hessarian
100%
God of Crafts June
100%
Church dedicated to the Maker, split into two in the Towers Age over the issue of magical practice and the regulation of mages Andrastian Chantry
80%
Title of an Old God awakened and corrupted by the Blight to lead forces against the people of Thedas Archdemon
80%
One third of the Salasari triumvirate; leader of the "body" of the qunari, the Antaam military Arishok
80%
Capital of the ancient elven empire Arlathan
80%
Branch of the priesthood responsible for enforcing doctrine, "reeducating" dissidents, and conducting espionage outside qunari territory Ben-Hassrath
80%
Controversial power taught to human mages by the Old Gods Blood magic
80%
Holy text of the prophetess Chant of Light
80%
Violent creatures mirroring the races of Thedas formed from the Blight Darkspawn
80%
Dragon of Silence Dumat
80%
God of Vengeance and Fatherhood Elgar'nan
80%
Term for a crusade or major military action on behalf of the church Exalted March
80%
God of Death and Fortune Falon'Din
80%
Goddess of Guides, Navigation, and Halla Ghilan'nain
80%
Emperor who founded the church of the Maker Kordillus Drakon
80%
Called "istana" in dwarven, mineral said to be a gift from the above, valuable for its inherent magical properties and uses in spellcasting, runecrafting, and smithing; said to emanate a "song" Lyrium
80%
Mortal husband and eventual betrayer of the prophetess Maferath
80%
Goddess of Love, Motherhood, and Justice Mythal
80%
Institution dedicated to preserving memories, history, civic records, and knowledge of the dwarves' spiritual connection to subterranean lands and the Deep Roads Shaperate
80%
Elven ally of the prophetess Shartan
80%
Qunari term for one who has abandoned adherence to or belief in qunari principles and dogma Tal-Vashoth
80%
Home of the Maker after it was corrupted, visible from anywhere in the realm of spirits The Black City
80%
Title of the leader of the church of the Maker; the Imperial one leads the faithful of the nation of Tevinter while the Orlesian one leads all others The Divine
80%
Group of elven gods who ruled the empire of the elves The Evanuris
80%
Parallel realm of magic, spirits, and demons where mortals (besides dwarves) go in dreams, called "The Beyond" in elven culture The Fade
80%
Rivals to the elven gods, eventually banished to the abyss by the Dread Wolf (incl. Anaris, Daern'thal, Geldauran) The Forgotten Ones
80%
Home of the Maker in the realm of spirits before it was corrupted The Golden City
80%
Draconic deities of the ancient Tevinter Imperium The Old Gods
80%
Philosophic "religion" of the qunari people focused on proper personal, civic, military, and social conduct The Qun
80%
Dwarves consider themselves to be Children of ___ ______, this entity embodying the earth and rocks themselves; said to give dwarves their _____ Sense, an intuitive connection to rocks, minerals, and subterranean navigation The Stone
80%
Metaphysical barrier separating the physical realm from the realm of spirits The Veil
80%
Goddess of the Hunt Andruil
60%
God of Secrets and Knowledge Dirthamen
60%
Empire of the ancient elves Elvhenan
60%
God of war and winter, mysteriously "vanished" for many centuries Hakkon Wintersbreath
60%
Holy city of the church in Tevinter; home of the Argent Spire Minrathous
60%
Goddess of the Hearth and Home Sylaise
60%
Destructive magical force said to have been the punishment for Tevinter's breaching of the realm of spirits The Blight
60%
Group of four powerful demons exiled by the elven gods, rumored to have taught forbidden magics to humans (incl. Gaxkang, Xebenkeck, Imshael, and The Formless One) The Forbidden Ones
60%
Holy city of the church in the south, based in Orlais; home of the Grand Cathedral Val Royeaux
60%
Dragon of Slaves Andoral
20%
One third of the Salasari triumvirate; leader of the "mind" of the qunari, the craftspeople and merchants Arigena
20%
One third of the Salasari triumvirate; leader of the "soul" of the qunari, the priesthood Ariqun
20%
Founder of the qunari "religion" Ashkaari Koslun
20%
Ritual daily practice of binding and wearing ropes symbolizing mastery of the self Dar-saam
20%
Oldest of the gods, god of the lands and mountains Korth the Mountain-Father
20%
Goddess of the skies, birds, winds, and the dead Lady of the Skies
20%
Dragon of Night Lusacan
20%
Priests of the Old Gods who entered the Fade and were turned into the first darkspawn Magisters Sidereal
20%
Dragon of Mystery Razikale
20%
Meaning "dangerous thing," title for mages who are tightly controlled by arvaarad handlers Saarebas
20%
Qunari priestly women who rear children, educate converts, and provide physical and spiritual services Tamassrans
20%
Dragon of Fire Toth
20%
Dragon of Beauty Urthemiel
20%
Dragon of Chaos Zazikel
20%
No matching quizzes found
Score Distribution
Percent of People with Each Score
Percentile by Number Answered
Your Score History
You have not taken this quiz